000 00435cam a2200181ua 4500
001 2697
008 110909n ii |||gr||||Z||||||asm
040 _cMAIN
082 _a891.4512
100 _aHazarika, Atul Chandra ,
245 1 1 _aTikendrajit
_cby Atul Chandra Hazarika
250 _a4th.
260 _aGuahati:
_bJunaki Prakash,976.
300 _a88p:
_c23cm.
653 _aAssamese drama
653 _aTikendrajit
942 _cBK
999 _c2548
_d2548